000 00492nam a22001697a 4500
008 150602b xxu||||| |||| 00| 0 eng d
020 _a0534926819
041 0 _aeng
080 _a338
100 1 _aStahl, Michael J.
245 1 0 _aStrategic management for decision making /
_cMichael J. Stahl, David W. Grigsby.
260 _aBoston :
_bPWS-Kent Pub. Co.,
_c1992.
300 _a999 f. :
_bme il.;
_c24 cm.
650 0 _aPlanifikimi Strategjik
700 1 _aGrigsby, David W.
942 _2udc
_cBK
999 _c974
_d974